Music Quiz

Random Music or Football Quiz

Alabama Football Songs Quiz Stats

Quiz not verified by Sporcle

Also try: Label the Drum Kit
Challenge
Share
Tweet
Embed
Score 0/7 Timer 10:00
0 Plays Today
% Correct
Yea, Alabama
86.5%
Dixieland Delight
29.7%
Basket case
16.2%
5.4%
You Can Call Me Al
2.7%
All I Do Is Win
2.7%
Pre Game
2.7%

You're not logged in!

Compare scores with friends on all Sporcle quizzes.
Sign Up with Email
OR
Log In

You Might Also Like...

Show Comments

Extras

Top Quizzes Today


Score Distribution

Your Account Isn't Verified!

In order to create a playlist on Sporcle, you need to verify the email address you used during registration. Go to your Sporcle Settings to finish the process.